15 ciudades más pobladas por D - Estadísticas

Estadísticas generales
  • Esta prueba ha sido intentada 24 veces
  • La puntuación promedio es 6 de 15
Estadísticas de respuestas
Población CIudad % Correcto
33,8M Delhi
77%
3,6M Dubái
68%
23,9M Daca
64%
3,4M Dakar
59%
2,9M Denver
55%
3,5M Detroit
55%
8,1M Dallas
50%
1,2M Doha
45%
7,9M Dar es Salaam
32%
3,2M Durban
32%
2,4M Daegu
9%
5,9M Dalian
9%
10,6M Dongguan
9%
3,9M Duala
9%
1,3M Dammam
5%
No se encontraron pruebas coincidentes
Distribución de puntuación
Porcentaje de gente con cada puntuación
Porcentaje por número respondido
Historial de tus puntuaciones
No has intentado esta prueba.